Представление документа в формате RUSMARC

ПолеНазваниеЗначение
  Тип записи a
  Библиографический уровень m
001 Контрольный номер RU/REG73/CBS_GRAD2/669901835
005 Дата корректировки 20221122154920.8
101 Язык документа __
a Язык текста rus
200 Заглавие и сведения об ответственности __
a Заглавие Василько и Василий
e Сведения, относящиеся к заглавию Рассказ о событиях, связанных с воссоединением Украины с Россией в ХVII веке
f Первые сведения об ответственности Владислав Бахревский ; Рисунки М. Майофиса
b Общее обозначение материала Текст
203 Вид содержания и тип средства __
a Вид содержания Текст (визуальный) : непосредственный
210 Выходные данные __
a Место издания Москва
c Издательство "Малыш"
d Дата издания 1986
215 Физическое описание __
a Объем 32 с.
c Иллюстрации/тип воспроизводства ил.
225 Серия __
a Серия Страницы истории нашей Родины
610 Ключевые слова __
a Ключевые слова для младшего школьного возраста
686 Индексы других классификаций __
a Классификационный индекс 63.3(2)46
700 Автор __
a Фамилия Бахревский
g Полное личное имя Владислав Анатольевич
801 Источник записи _0
a Страна RU
b Организация RuCBSGrad
g Правила каталогизации PSBO
801 Источник записи _1
a Страна RU
b Организация RuCBSGrad
g Правила каталогизации PSBO
901 Тип документа __
t Тип документа m
981 __
b i
g e
2 isbdcontent
982 __
b n
2 isbdmedia